| 000 | 00980nam a2200229 a 4500 | ||
|---|---|---|---|
| 999 |
_c6299 _d6299 |
||
| 001 | 11281 | ||
| 003 | BD-DhUAP | ||
| 005 | 20201228155413.0 | ||
| 008 | 201228s2008 bg ab b 001 0 eng d | ||
| 020 | _a9843000025625 | ||
| 040 |
_aDLC _cDLC _dBD-DhUAP _beng |
||
| 082 |
_a330.95492 COM _223 |
||
| 245 | 0 | 0 |
_aCommercial history of Dhaka / _cedited by Delwar Hassan. |
| 260 |
_aDhaka : _bDhaka Chamber of Commerce and Industry, _cc2008. |
||
| 300 |
_axi, 664 pages : _billustrations ; _c26 cm. |
||
| 504 | _aIncludes bibliographical references and index. | ||
| 520 | _aPublished on the occasion of the golden jubilee celebrations of Dacca Chamber of Commerc & Industry; contributed articles; covers the period, 17th to 20th century; publication is supported by IFC Bangladesh Investment Climate Fund. | ||
| 651 | 0 |
_aDhaka (Bangladesh) _xCommerce _xHistory. _926346 |
|
| 651 | 0 |
_aDhaka (Bangladesh) _xEconomic conditions. _926347 |
|
| 700 | 1 |
_aHassan, Delwar. _926348 |
|
| 942 |
_2ddc _cBK |
||